000 00465nam a2200181Ia 4500
001 2111
005 20260306143818.0
008 260306t2017||||xx |||||||||||||| ||spa||
041 _aESP
082 _a612.82
_bO671
100 _aOsborn, Anne G.
_eAUT
245 0 _aOsborn´s el encéfalo:
_bdiagnóstico por imagen, patología y anatomía
260 _c2017
300 _a1263 páginas :
_c28 cm.
650 _aGEN
654 _aCPS
942 _cLIB
_dJUS
_fJUS
_2ddc
_n
999 _c2111
_d2111